000 00697nam a2200193 4500
001 121133
003 ES-MaACL
005 20240304175149.0
007 t|
008 070214s1970 sp r ||||1| spa d
100 1 _aPons Canals, Antonio.
_993008
245 1 0 _aPlanificación del cultivo del almendro /
_cAntonio Pons Canals, Bartolomé Simonet Salas.
260 _aPalma de Mallorca :
_bDirección General de Agricultura. Jefatura Agronómica de Baleares,
_c1970.
300 _a51 p. ;
_c24 cm +
_e6 map.
700 1 _aSimonet Salas, Bartolomé.
_9106573
710 1 0 _aEspaña.
_bDirección General de Agricultura
_93699
852 _aES-MaACL
_jC-41746
_bR.74467
999 _c121133
_d121133